000 00694cam a2200241 4500
001 E1315
008 090401t1993 xxu||||| |||| 00| 0 eng d
035 _a(Sirsi) u95673
041 _aeng
110 _aRoyal Institution of Chartered Surveyors
_bScotland
_93082
245 _aIntegrated administration and control systems (IACS)
260 _aEdinburgh
_bRICS
_c1993
300 _a2p.
350 _a0
490 _aRICS Memorandum
490 _aSPPA/REPORT
_v(93)08
520 _a26 January 1993.
650 _aINTEGRATED ADMINISTRATION AND CONTROL SYSTEM
650 _aINTEGRATED ADMINISTRATION AND CONTROL SYSTEM
690 _aRURAL PRACTICE
942 _n0
948 _c04/03/1997
999 _c98545
_d98545